Autumn Ireland International Squad 2024 - Statistics

General Stats
  • This quiz has been taken 2 times
  • The average score is 25 of 37
Answer Stats
Caps Answer % Correct
60 Bundee Aki
100%
47 Caelan Dorris
100%
134 Cian Healy
100%
4 Cian Prendergast
100%
120 Conor Murray
100%
18 Craig Casey
100%
63 Garry Ringrose
100%
19 Jack Crowley
100%
38 Jacob Stockdale
100%
25 Mack Hansen
100%
110 Peter O'Mahony
100%
3 Sam Prendergast
100%
16 Tom O'Toole
100%
70 Andrew Porter
50%
8 Calvin Nash
50%
8 Ciaran Frawley
50%
1 Cormac Izuchukwu
50%
7 Dave Heffernan
50%
46 Finlay Bealham
50%
2 Gus McCarthy
50%
42 Hugo Keenan
50%
84 Iain Henderson
50%
36 James Lowe
50%
67 James Ryan
50%
5 Jamie Osborne
50%
38 Jamison Gibson-Park
50%
16 Joe McCarthy
50%
68 Josh van der Flier
50%
3 Nick Timoney
50%
77 Robbie Henshaw
50%
42 Rob Herring
50%
37 Ronan Kelleher
50%
23 Ryan Baird
50%
19 Stuart McCloskey
50%
56 Tadhg Beirne
50%
78 Tadhg Furlong
50%
2 Tom Clarkson
0%
No matching quizzes found
Score Distribution
Percent of People with Each Score
Percentile by Number Answered
Your Score History
You have not taken this quiz